000 01070cam a2200313 a 4500
001 000019798
005 20200929170137.0
008 951130s1994 sp b 000 0 spa d
010 _a95228792
020 _a8488435134
035 _a(DLC) 95228792
035 _a(OCoLC)32147415
040 _aDO-SdBNP
_bspa
_cBNPHU
_dWU
_dDLC
050 0 0 _aPQ6641.E6
_bZ76 1994
082 _aNNN
_bV483L
100 1 _aLópez Antunano, José Gabriel.
_942275
245 1 0 _aMario Verdaguer, un escritor proteico /
_cJosé Gabriel López Antunano.
260 _aMadrid :
_bPliegos,
_c[1994?].
300 _a256, [5] p. ;
_c20 cm.
490 0 _aPliegos de ensayo
_v97
500 _aIncluye referencias bibliográficas y notas al pie de las páginas
504 _aIncluye referencias bibliográficas.
504 _a"Bibliografía de Mario Verdaguer": p. [251]-256.
600 1 0 _aVerdaguer, Mario,
_d1885-1963
_xCriticism and interpretation.
_942276
830 0 _aPliegos de ensayo ;
_v97
_925000
910 _aCatalogación derivada / LC
049 _aBNGR
082 0 0 _a868/.6209
999 _c19311
_d19311